000 00779nam a2200241 i 4500
001 110711
003 ES-MaACL
005 20230906185136.0
007 t|
008 070119s1987 sp ||||1| spa d
020 _a84-7046-449-3
080 _a1 Heidegger, Martin
100 1 _aRodríguez García, Ramón.
_998543
245 1 0 _aHeidegger y la crisis de la época moderna /
_cRamón Rodríguez García.
260 _aMadrid :
_bCincel,
_c1987.
300 _a218 p. :
_bil. ;
_c19 cm.
490 1 _aHistoria de la filosofía ;
_v47
504 _aBibliografía: p. 216-218. Indice.
600 1 4 _aHeidegger, Martin-
_xCrítica e interpretación.
_962339
830 0 _aHistoria de la filosofía ;
_v47
_9181726
852 _aES-MaACL
_jL-15614
999 _c110711
_d110711